000 01444nam a2200277 4500
003 KOHA_MİRAKIL
005 20260414111924.0
008 260414b tu ||||| |||| 00| 0 tur d
040 _aTR-AnABB
_btur
_cTR-AnABB
041 _atur
082 _a321.8
_bTUR 1996
100 1 _aGürsel, Seyfettin
245 1 0 _aTürkiye'nin Kürt sorunu /
_cSeyfettin Gürsel, Koray Düzgören, Baskın Oran, Füsun Üstel, Cumhur Keskin, Şahin Alpay
260 _aİstanbul :
_bTÜSES,
_c1996
300 _a164 sayfa ;
_c18 cm
500 _aKitap içerisinde Prof. Dr. Ruşen Keleş'in satır altı çizimleri ve vurgulamaları mevcuttur.
505 _aİçindekiler: Sorunun tanımı ve gerçekler / Koray Düzgören - Teoride Milliyetçilik / Baskın Oran - Türk Milliyetçiliği ya da Vatandaşlığın kültürel boyutu / Füsun Üstel - Kürt Milliyetçiliği: Doğu ve Gelişmesi / Baskın Oran - Türkiye'nin Kürt Politikası ve Resmi ideoloji /Cumhur Keskin - Kuzey Irak Kürt Yönetimi / Koray Düzgören - Çoğunlukçu Demokrasilerin azınık eşiği: Batı Deneyimleri Füsun Üstel - Kürt sorunu nasıl aşılabilir? / Şahin Alpay
650 0 4 _aDemokrasi, Tarih ve Kuram
650 0 4 _aKürt sorunu, Türkiye
700 1 _aDüzgören, Koray
_93426
700 1 _aOran, Baskın
_93427
700 1 _aÜstel, Füsun
_93428
700 1 _aKeskin, Cumhur
_93429
700 1 _aAlpay, Şahin
_93430
942 _2ddc
_cBK
999 _c10233
_d10233
900 _bCan ÇELIK